| 000 | 00513 a2200181 4500 | ||
|---|---|---|---|
| 005 | 20250620095459.0 | ||
| 020 | _a978-0-07-070089-5 | ||
| 082 | _a658.5 CHA | ||
| 100 | _aCHASE, B. R | ||
| 245 | _aOperations and Supply Management | ||
| 250 | _a12th Ed. | ||
| 260 |
_aNew Delhi _bTata McGraw- Hill Education _c2010. |
||
| 300 |
_axxv,914p.: ill.; figures, tables, pictures _bAppendix, Index _c24cm |
||
| 700 | _aRavi Shankar | ||
| 700 | _aF. Robert Jacobs | ||
| 700 | _aNicholas J. Aquilano | ||
| 942 |
_2ddc _cBKS |
||
| 999 |
_c4504 _d4504 |
||